Systems and devices for electrical filters

Bibliografiske detaljer
Institution som forfatter: Национальный исследовательский Томский политехнический университет
Andre forfattere: Pires D. David, Uchaykin S. V. Sergey Victorovich, Petroff J. C. Jacob Craig, Tcaciuc A. M. Alexandr M.
Summary:Title screen
Adaptations and improvements to tubular metal powder filters include employing a polyester binder or a binder formed of vacuum grease, employing metal powders of multiple different chemical compositions and/or spanning multiple different ranges of grain-size, replacing the outer conductive housing and metal powder components with a single structure formed of sintered metal powder, and texturing (such as rifling, threading, sanding, or scratching) an inner surface of the outer conductive housing. The various adaptations and improvements are designed to accommodate single-ended and differential signaling, as well as superconducting and non-superconducting applications
Sprog:engelsk
Udgivet:
Fag:
Online adgang:https://worldwide.espacenet.com/publicationDetails/biblio?DB=EPODOC&II=0&ND=3&adjacent=true&locale=ru_ru&FT=D&date=20120412&CC=US&NR=2012088675A1&KC=A1#
Format: MixedMaterials Electronisk Bog
KOHA link:https://koha.lib.tpu.ru/cgi-bin/koha/opac-detail.pl?biblionumber=637114

MARC

LEADER 00000nlm0a2200000 4500
001 637114
005 20260123144045.0
029 1 0 |a US  |b 20120088675  |c Pat.  |d U.S.Cl. 505/210 
035 |a (RuTPU)RU\TPU\network\1208 
035 |a RU\TPU\network\1176 
039 0 |a US  |b 13/253,741  |c 20111005 
090 |a 637114 
100 |a 20140515j20120412k y0engy50 ba 
101 0 |a eng 
102 |a US 
105 |a a k 000zy 
135 |a drcn ---uucaa 
181 0 |a i  
182 0 |a b 
200 1 |a Systems and devices for electrical filters  |f D. Pires [et al.] 
203 |a Text  |c electronic 
300 |a Title screen 
330 |a Adaptations and improvements to tubular metal powder filters include employing a polyester binder or a binder formed of vacuum grease, employing metal powders of multiple different chemical compositions and/or spanning multiple different ranges of grain-size, replacing the outer conductive housing and metal powder components with a single structure formed of sintered metal powder, and texturing (such as rifling, threading, sanding, or scratching) an inner surface of the outer conductive housing. The various adaptations and improvements are designed to accommodate single-ended and differential signaling, as well as superconducting and non-superconducting applications 
610 1 |a труды учёных ТПУ 
610 1 |a электронный ресурс 
610 1 |a патенты 
701 1 |a Pires  |b D.  |g David 
701 1 |a Uchaykin  |b S. V.  |c specialist in the field of non-destructive testing  |c Engineer of Tomsk Polytechnic University, Doctor of physical and mathematical sciences  |f 1963-  |g Sergey Victorovich  |3 (RuTPU)RU\TPU\pers\32279 
701 1 |a Petroff  |b J. C.  |g Jacob Craig 
701 1 |a Tcaciuc  |b A. M.  |g Alexandr M. 
712 0 2 |a Национальный исследовательский Томский политехнический университет  |c (2009- )  |9 26305 
801 2 |a RU  |b 63413507  |c 20170306  |g RCR 
856 4 |u https://worldwide.espacenet.com/publicationDetails/biblio?DB=EPODOC&II=0&ND=3&adjacent=true&locale=ru_ru&FT=D&date=20120412&CC=US&NR=2012088675A1&KC=A1# 
942 |c CF